Performance related pay in central public sector enterprises in India (Record no. 103463)

000 -LEADER
fixed length control field 01228pab a2200205 454500
008 - FIXED-LENGTH DATA ELEMENTS--GENERAL INFORMATION
fixed length control field 180718b2013 xxu||||| |||| 00| 0 eng d
100 ## - MAIN ENTRY--PERSONAL NAME
Personal name Singh, Punam
245 ## - TITLE STATEMENT
Title Performance related pay in central public sector enterprises in India
260 ## - PUBLICATION, DISTRIBUTION, ETC.
Date of publication, distribution, etc. 2013
300 ## - PHYSICAL DESCRIPTION
Extent p.314-327.
362 ## - DATES OF PUBLICATION AND/OR SEQUENTIAL DESIGNATION
Dates of publication and/or sequential designation Oct
520 ## - SUMMARY, ETC.
Summary, etc. The latest second pay revision for central public sector enterprises (CPSE), accepted in 2008 in India, calls for implementation of the concept of performance related pay (PRP) based on a transparent and robust performance management system (PMS) for executives. This paper studies the implementation of performance related pay in CPSEs and the perception of employees towards performance related pay. The paper is based on both primary data collected through questionnaire and also on secondary data. The paper highlights the pre-requisites of PRP implementation in CPSEs in India, the need for a transparent and robust PMS and the various challenges in the implementation process. - Reproduced.
650 ## - SUBJECT ADDED ENTRY--TOPICAL TERM
Topical term or geographic name entry element Wages - India
650 ## - SUBJECT ADDED ENTRY--TOPICAL TERM
Topical term or geographic name entry element Public sector - India
650 ## - SUBJECT ADDED ENTRY--TOPICAL TERM
Topical term or geographic name entry element Public sector
700 ## - ADDED ENTRY--PERSONAL NAME
Personal name Mishra, R.K.
773 ## - HOST ITEM ENTRY
Main entry heading Indian Journal of Industrial Relations
908 ## - PUT COMMAND PARAMETER (RLIN)
Put command parameter N
909 ## -
-- 103467
Holdings
Withdrawn status Lost status Damaged status Not for loan Permanent Location Current Location Date acquired Serial Enumeration / chronology Barcode Date last seen Price effective from Koha item type
        Indian Institute of Public Administration Indian Institute of Public Administration 2018-07-19 Volume no: 49, Issue no: 2 AR103927 2018-07-19 2018-07-19 Articles

Powered by Koha